[Event "Shanghai Masters"]
[Site "Shanghai"]
[Date "2010.09.05"]
[Round "3"]
[White "Shirov, Alexei"]
[Black "Wang, Hao"]
[Result "1-0"]
[WhiteElo "2749"]
[BlackElo "2724"]
[Annotator "Kritz,L"]
[PlyCount "129"]
[EventDate "2010.09.03"]
[EventType "tourn"]
[EventRounds "6"]
[EventCountry "CHN"]
[EventCategory "21"]
[SourceTitle "CBM 138"]
[Source "ChessBase"]
[SourceDate "2010.09.17"]
[SourceVersion "1"]
[SourceVersionDate "2010.09.17"]
[SourceQuality "1"]

1. e4 c5 2. Nf3 e6 3. d4 cxd4 4. Nxd4 a6 5. Bd3 Nf6 (5... Bc5 6. Nb3 Be7 (6...
Ba7 7. Qg4 $5 {wurde seit Kurzem populär und das nicht ohne Grund.} Nf6 8. Qg3
d6 9. Nc3 Nc6 10. Bg5 h6 11. Bd2 Nh5 12. Qf3 Qh4 13. g3 Ne5 14. Qe2 Qg4 (14...
Nxd3+ 15. cxd3 Qh3 16. O-O-O $14) 15. O-O-O Nf6 (15... Nxd3+ 16. Qxd3 O-O 17.
f3 Qg6 18. Qxd6 $16) 16. f4 Qxe2 17. Bxe2 Neg4 18. Be1 Ke7 19. Rd3 h5 (19...
Bd7 20. Bf3 e5 21. Nd1 Bb5 22. Rc3 $14 {Erenburg - Zhao (Pawtucket, 2008)}) 20.
Bf3 $1 h4 21. Nd1 $14 {Erenburg - Friedel (Pawtucket, 2008)}) 7. O-O d6 8. Qg4
g6 9. Qe2 $14 {Die theoretischen Varianten in dieser Stellung sind sehr lang
und kompliziert, doch es sieht so aus, als ob Weiß am Drücker ist.}) 6. O-O Qc7
7. Qe2 d6 8. c4 g6 (8... Nbd7 9. Nc3 Be7 10. f4 b6 11. Kh1 Bb7 12. Bd2 g6 13.
Rac1 $14 {Weiß bekam einen guten Igel in Caruana - Kveinys (Dresden, 2008)}) (
8... Nc6 9. Nxc6 bxc6 10. f4 Be7 11. Nc3 Nd7 12. Kh1 Bf6 13. Bd2 a5 14. e5 dxe5
15. Ne4 exf4 16. Nxf6+ Nxf6 17. Bxf4 $44 {Smirnov - Meijers (Istanbul, 2003)})
9. Nc3 Bg7 10. Nf3 O-O 11. Rd1 (11. Bf4 Nc6 ({Die Idee} 11... Nh5 12. Bg5 Bxc3
{sieht unnatürlich aus.} 13. bxc3 e5 14. Nh4 Nc6 15. g3 $5 Bh3 16. Rfd1 Ng7 17.
f4 Bd7 18. f5 $14 {Shirov - Ivanchuk (Motril, 2008). Die schwarze Stellung mit
dem Springer auf g7 ist nicht sehr angenehm.}) (11... Ng4 12. h3 Ne5 13. Nxe5
dxe5 14. Be3 Nc6 15. Na4 {Weiß hat doch bessere Aussichten, weil er zu schnell
seine Initiative am Damenflügel entfalten kann.} Nd4 16. Bxd4 exd4 17. c5 Bd7
18. Nb6 Rae8 19. b4 f5 20. e5 $1 $14 {Svetushkin - Nikolov (Plovdiv, 2008)})
12. Rac1 e5 ({Einfach nicht ausreichend ist} 12... Nd7 {Weiß bekommt eine
günstige Igelstellung auf verschiedenen Wegen.} 13. Qe3 (13. Rfd1 Nde5 14. Bb1
Nxf3+ 15. Qxf3 Ne5 16. Qg3 b6 17. b3 Bb7 18. Be3 Rab8 19. Bd4 $14 {Shirov -
D'Costa (Kallithea, 2008)}) 13... Nce5 14. Nxe5 Nxe5 15. Be2 b6 16. Rfd1 $14 {
Ponomariov - Svidler (Sofia, 2006)}) 13. Bg5 (13. Be3 Bg4 14. h3 Nd4 15. Bxd4
Bxf3 16. Qxf3 exd4 17. Nd5 Nxd5 18. cxd5 Qa5 $11 {Pavasovic - Horvath (Graz,
2008)}) (13. Bd2 {sieht unlogisch aus - die d-Linie muss Weiß bestimmt nicht
versperren, doch die Idee von Weiß ist es, das Feld e3 für seine Dame frei zu
lassen.} Bg4 14. Qe3 Rae8 15. h3 Bxf3 16. Qxf3 Nd7 17. Qd1 f5 $2 (17... Nc5 18.
Nd5 Qb8 19. b4 Ne6 $132) 18. Nd5 Qd8 19. b4 $14 {Mastrovasilis - Nikolov 
(Kavala, 2007)}) 13... h6 14. Bd2 $1 ({Nichts bringt} 14. Be3 Bg4 15. Nd5 Qd8
16. h3 Nxd5 17. cxd5 Nd4 18. Bxd4 Bxf3 19. Qxf3 exd4 {und Schwarz gleicht aus:}
20. Rc4 Rc8 21. Rfc1 Rxc4 22. Rxc4 h5 23. Qd1 Be5 $11 {Sjugirov - Nukin 
(Gaziantep, 2008)}) (14. Bxf6 Bxf6 15. Nd5 Qd8 16. h3 Bg7 $132 {Weiß hat zwar
einen guten Springer auf d5, dafür jedoch einen schlechten Läufer und keinen
Druck gegen den Bauern d6.}) 14... Bg4 15. Qe3 Bxf3 16. Qxf3 Nd4 17. Qd1 $14 {
Leko - Akopian (Jermuk, 2009). Man kann sicher sagen, dass Weiß einen soliden
Vorteil hat. Zwar steht der schwarze Springer auf d4 gut, aber Schwarz hat
überhaupt kein Gegenspiel.}) 11... Nc6 12. Bc2 {Eine seltene und wohl auch
keine gute Variante.} (12. h3 Nd7 13. Be3 Bxc3 $1 {Eine der Hauptideen in
dieser Variante ist die Aufgabe des schwarzfeldrigen Laeufers und danach die
Verteidigung der schwarzen Felder mittels f6-Nd8-Nf7.} 14. bxc3 f6 15. Bc2 Nd8
16. Rd2 Nf7 $132 {Shabalov - Stripunsky (Philadelphia, 2010)}) 12... Nd7 (12...
Ng4 13. Bf4 Nge5 14. Bb3 Bd7 15. Rac1 Rac8 $132 16. Nd5 $2 {Führt zu einer
schlechter Stellung.} Nxf3+ 17. Qxf3 exd5 18. cxd5 Ne5 19. Bxe5 Qxc1 20. Bxg7
Kxg7 21. Rxc1 Rxc1+ 22. Bd1 Rfc8 $17 {Andersen - Kveinys (Palma de Mallorca,
2008)}) (12... e5 $2 13. h3 $1 {Gerichtet gegen Bg4} Nd7 14. Nd5 Qd8 15. Be3
Nc5 16. b4 Ne6 17. Bb6 $16 {Herrera - Garcia (Havana, 2001)}) 13. Be3 Nde5 14.
Bb3 {Also für mich sieht solch ein Aufbau sehr komisch aus. Ich glaube nicht,
dass es sich lohnt, die Züge von Weiß zu wiederholen.} Bd7 15. Qd2 {Weiß
gewinnt den Bauern d6, doch dafür wird sein König sehr geschwächt. Der Läufer
b3 sieht furchtbar aus.} (15. Rd2 Nxf3+ 16. Qxf3 Ne5 17. Qe2 Rac8 $15) 15...
Nxf3+ 16. gxf3 Qa5 (16... Rfd8 {führt ebenfalls zu einer Stellung mit
Kompensation.} 17. Qxd6 Qxd6 18. Rxd6 Be8 19. c5 Na5 20. Rad1 Rdc8 $44) 17.
Qxd6 (17. c5 $5 Rfd8 18. cxd6 Qh5 19. Qe2 Ne5 20. Kg2 Bc6 $44 {/\g5!}) 17...
Qh5 $5 {Beeindruckend, aber ob das Opfer funktioniert?} 18. Qg3 (18. Qxd7 Ne5
19. Qd6 Nxf3+ 20. Kg2 Be5 21. Qb6 Qg4+ 22. Kf1 Nxh2+ 23. Ke1 Nf3+ 24. Ke2 $14 {
Selbst wenn diese Stellung gut für Weiß ist, man will sicherlich nicht darauf
eingehen, wenn man eine sicherere Alternative hat.}) 18... Ne5 19. Kg2 Bc6 20.
f4 (20. Ne2 $1 {führt zu einem klar besseren Endspiel.} Bxe4 21. fxe4 Qxe2 22.
Rd2 Qg4 23. f4 Qxg3+ 24. hxg3 Nc6 25. Bb6 $16) 20... Ng4 {Wenn man einen
Bauern weniger hat, muss man natürlich dynamisch spielen.} (20... Nd7 $2 21. f3
$16) 21. Bd4 $8 {Es drohte Bxc3-Bxe4} f5 (21... e5 22. fxe5 Bxe5 23. Bxe5 Nxe5
24. Nd5 $16) 22. f3 (22. c5 $5 Bxd4 23. Bxe6+ Kg7 24. Rxd4 Rad8 25. Rad1 Rxd4
26. Rxd4 Nf6 27. Qg5 $16) 22... Bxd4 23. Rxd4 $4 {Unerklärlich! 23.fxg4 gewann
die Figur.} (23. fxg4 fxg4 24. Rxd4 e5 25. c5+ Kg7 26. Rd6 exf4 27. Qf2 $18 {
Die Stellung ist total gewonnen.}) 23... Ne3+ {Nun kommt Schwarz in Vorteil.}
24. Kf2 fxe4 25. Kxe3 (25. Nxe4 Nf5 $19) (25. fxe4 e5 26. c5+ Kg7 27. Qxe3
Qxh2+ $19) 25... e5 $1 26. Rxe4 (26. fxe5 Rxf3+ $19) 26... Bxe4 {Das Problem
ist, dass Weiß keine Zeit hat, auf e4 zu nehmen.} 27. f5 (27. Nxe4 exf4+ $19) (
27. Kxe4 Qf5+ 28. Ke3 exf4+ $19) 27... Bc6 $2 {Der sofortige Gegenfehler. 27...
.Bxf5 gewann leicht.} (27... Bxf5 28. c5+ Kg7 29. Qxe5+ Kh6 30. Qf4+ g5 $1 $19
{Der weiße König ist in viel größerer Gefahr als der schwarze.}) 28. c5+ Kg7
29. Qxe5+ Kh6 30. Qf4+ Qg5 31. Qxg5+ Kxg5 32. Ne4+ Kxf5 (32... Bxe4 33. fxe4
gxf5 34. Rg1+ Kf6 35. Bd5 Rab8 36. b4 $44) 33. Rg1 h6 $2 {Das Endspiel muss
bei richtigem Spiel gewonnen sein, doch Schwarz zeigt überhaupt keine Technik.}
(33... Bxe4 34. fxe4+ Ke5 35. Bd5 Rac8 36. b4 Rc7 $15) 34. Bc2 $1 Rae8 $2 {
Jeder Zug ist ein Fehler.} (34... Rg8 $1 {Man muss die Schwächen verteidigen,
nicht aufgeben! Weiß hat kein gutes Abzugsschach, Schwarz steht immer noch
besser.}) 35. Kd4 $1 {Shirov spielt das Endspiel sehr stark. Der Bauer g6 ist
nicht zu halten, Weiß übernimmt die Kontrolle über das Geschehen und steht
schon etwas besser.} Rd8+ 36. Nd6+ Ke6 (36... Kf4 37. Be4 $1 Bxe4 38. fxe4 g5
39. e5 $16) 37. Rxg6+ Rf6 38. Bb3+ Ke7 39. Rg7+ Kf8 40. Rh7 $16 {Shirov spielt
sehr souverän. Schwarz verschlechtert seine Stellung mit jedem Zug.} Rxf3 $2 (
40... Rd7 $1 {Man muss nicht die Bauern jagen, sondern den König aus der
Gefahrzone bringen!} 41. Rxd7 Bxd7 42. Nxb7 Rxf3 43. Bd5 Rf2 44. c6 $132) 41.
Be6 $1 b6 (41... Rf2 42. Ke5 $18 Rxb2 $2 43. Rf7+ Kg8 44. Rxb7+ $18) 42. b4
bxc5+ 43. bxc5 {Schwarz kann nichts ziehen.} Be8 44. Bd5 (44. Ke5 $1 {würde
eher gewinnen.} Bg6 45. Rh8+ Ke7 46. Nc8+ Rxc8 47. Bxc8 h5 48. c6 $18) 44...
Rf2 45. Rh8+ Ke7 46. Rxh6 Bf7 47. Be4 $2 {Lässt den Gewinn aus.} (47. Ke3 $5
Bxd5 48. Kxf2 Bxa2 49. Ke3 $16) 47... Rxa2 48. Rh7 {Weiß gewinnt die Figur und
endet in einem theoretisch remislichen Endspiel.} Rxd6+ 49. cxd6+ Kxd6 50. Rxf7
Rxh2 $11 {Normalerweise muss man das Remis locker halten, besonders wenn der
König nicht abgedrängt ist und man Zeit für die richtige Umstellung hat.} 51.
Rf6+ Ke7 52. Ke5 a5 53. Ra6 Rd2 54. Rh6 Rf2 55. Re6+ Kd7 56. Ra6 Kc7 57. Rc6+
Kd7 58. Rb6 Rd2 59. Rb7+ Kc8 60. Rh7 Re2 61. Kd5 Kb8 62. Re7 a4 $2 (62... Rh2
$11) 63. Kc6 Rf2 64. Re8+ Ka7 65. Kc5 1-0

[Event "Tata Steel-B 74th"]
[Site "Wijk aan Zee"]
[Date "2012.01.22"]
[Round "8"]
[White "Bruzon Batista, Lazaro"]
[Black "Timman, Jan H"]
[Result "1-0"]
[WhiteElo "2691"]
[BlackElo "2571"]
[Annotator "Let's Check"]
[PlyCount "63"]
[EventDate "2012.01.14"]
[EventType "tourn"]
[EventRounds "13"]
[EventCountry "NED"]
[EventCategory "15"]
[SourceTitle "CBM 147"]
[Source "ChessBase"]
[SourceDate "2012.03.16"]
[SourceVersion "1"]
[SourceVersionDate "2012.03.16"]
[SourceQuality "1"]

1. e4 c5 2. Nf3 e6 3. d4 cxd4 4. Nxd4 a6 5. Bd3 Nf6 6. Qe2 e5 7. Nf5 d6 8. Bg5
Bxf5 9. exf5 Nbd7 10. c4 Be7 11. Nc3 O-O 12. Bxf6 Bxf6 13. Be4 Rb8 14. O-O Nc5
15. Rfd1 Qd7 16. b4 Nxe4 17. Qxe4 Qc6 18. Nd5 Rfc8 19. Rac1 b5 20. Nxf6+ gxf6
21. Qh4 d5 $2 (21... Qd7 22. c5 Qxf5 $16) 22. Qh6 $18 Kh8 23. cxd5 Qd6 24. h3
Rc4 25. a4 $6 (25. Rxc4 bxc4 26. Re1 $18) 25... Rbc8 $16 26. axb5 axb5 27. Ra1
Rd4 28. Rdc1 Rdc4 29. Rxc4 bxc4 30. Ra7 Kg8 31. b5 c3 $2 (31... e4 32. Qh4 Qc5
$14) 32. Ra4 1-0

[Event "EU-ch 12th"]
[Site "Aix les Bains"]
[Date "2011.03.31"]
[Round "9"]
[White "Gharamian, Tigran"]
[Black "Jobava, Baadur"]
[Result "0-1"]
[WhiteElo "2650"]
[BlackElo "2707"]
[Annotator "Marchand,A/Primel,D"]
[PlyCount "52"]
[EventDate "2011.03.22"]
[EventType "swiss"]
[EventRounds "11"]
[EventCountry "FRA"]
[SourceTitle "CBM 142 Extra"]
[Source "ChessBase"]
[SourceDate "2011.06.27"]
[SourceVersion "1"]
[SourceVersionDate "2011.06.27"]
[SourceQuality "1"]
[TimeControl "40/5400+30:1800+30"]

1. e4 c5 2. Nf3 e6 3. d4 cxd4 4. Nxd4 a6 5. Bd3 Nf6 6. O-O e5 $5 {[%csl Rd3]
Une ligne secondaire qui est devenue а la mode récemment et malgré un tempo
perdu en jouant e5 en deux coups, les Noirs ont un bon jeu.} 7. Nb3 {78} (7.
Nf3 Nc6 8. Bg5 Bc5 9. Nc3 h6 10. Bxf6 Qxf6 11. Nd5 Qd8 12. c3 d6 13. b4 Ba7 14.
Bc4 O-O 15. Qd3 Be6 16. Bb3 Rc8 17. Rfd1 Qd7 18. Nh4 Ne7 19. Rac1 Nxd5 20. Bxd5
g6 21. Rc2 Kh7 {Motylev,A (2677)-Pantsulaia,L (2595)/Aix les Bains 2011/
Mega2011 Update 15/1/2-1/2}) (7. Bg5 $5 {[%csl Gd5]} d6 (7... h6 8. Bxf6 {
Caruana,F (2727)-Nakamura,H (2758) Reggio Emilia 54th 2011 (7) 1/2}) 8. Nf5) (
7. Nf5 d5 $1 {[%cal Gc8f5,Ge5e4]}) (7. Ne2 {[%csl Re2]} Bc5 (7... d5 8. exd5
Nxd5) 8. Bg5 d6 {Groselj,P (2091)-Romanishin,O (2572) Nova Gorica op 04th 1999
(1) 1/2}) 7... Nc6 8. Nc3 {65} d6 9. Bg5 Be7 10. Qd2 {57} O-O 11. Rfd1 (11.
Rad1 Be6 12. f4 {[%cal Gf4f5]} Ng4 {[%cal Gd8b6]} (12... exf4 13. Bxf4 Ne5) 13.
Nd5) (11. Bc4 Be6 12. Bxe6 fxe6 $132 {[%csl Gd6,Ge6]}) 11... Be6 12. Be2 {
[%cal Gd2d6]} a5 $1 {Un sacrifice de P trés fort} (12... b5 13. Bxf6 Bxf6 14.
Qxd6 Qxd6 15. Rxd6 Nb4 {[%csl Rc2]} 16. Rc1 Be7 (16... Rfd8 17. Rxd8+ Rxd8 18.
Nc5 Bc8) 17. Rb6 Bd8 18. Rd6 Be7 19. Rdd1 Rac8 $44) 13. Bxf6 (13. a4 {Stoppe
l'attaque noire a5a4 mais sans résoudre les problèmes des Noirs} Nb4 $132 {
[%csl Rc2,Gd5]} 14. f3 $2 (14. Nb5 $2 Nxe4) (14. Rac1 d5 $36) 14... Nxc2 15.
Qxc2 Qb6+) (13. Bb5 $5 {[%csl Ga4]}) 13... Bxf6 14. Qxd6 Qxd6 (14... Qb6 $6 {
[%cal Gf8d8]} 15. Na4) 15. Rxd6 Be7 16. Rdd1 a4 $1 17. Nd2 Nd4 $36 {[%csl Rc2,
Gd4,Re2][%cal Ga4a3]} 18. Nf3 $6 (18. Bd3 $142 Rfc8 {[%cal Gc8c3,Ga4a3]} 19. a3
$1 {Les Noirs ont des compensations mais la position Blanche reste solide})
18... Rfc8 $1 {[%cal Ga4a3,Gc8c3]} 19. Bd3 (19. Nxe5 Rxc3 $1 20. bxc3 Nxe2+) (
19. Nxd4 exd4 20. Nd5 (20. Rxd4 a3 $40) 20... Bxd5 21. exd5 Rxc2) 19... a3 $40
20. Nd5 Bxd5 21. exd5 axb2 22. Rab1 e4 $1 {Une dernière pointe} 23. Nxd4 (23.
Bxe4 Ne2+ 24. Kf1 Nc3) 23... exd3 24. Rxb2 Ba3 25. Rdb1 Bxb2 26. Rxb2 Ra4 0-1

[Event "EU-ch 12th"]
[Site "Aix les Bains"]
[Date "2011.03.30"]
[Round "8"]
[White "Stefansson, Hannes"]
[Black "Smirin, Ilia"]
[Result "0-1"]
[WhiteElo "2557"]
[BlackElo "2658"]
[Annotator "Marchand,A/Primel,D"]
[PlyCount "74"]
[EventDate "2011.03.22"]
[EventType "swiss"]
[EventRounds "11"]
[EventCountry "FRA"]
[SourceTitle "CBM 142 Extra"]
[Source "ChessBase"]
[SourceDate "2011.06.27"]
[SourceVersion "1"]
[SourceVersionDate "2011.06.27"]
[SourceQuality "1"]
[TimeControl "40/5400+30:1800+30"]

1. e4 c5 2. Nf3 e6 3. d4 cxd4 4. Nxd4 a6 5. Bd3 Bc5 (5... Nf6) (5... Qc7) 6.
Nb3 Be7 (6... Ba7 7. Nc3 (7. O-O) 7... Nc6 8. Qe2 d6 9. Be3 Nf6 10. O-O b5 11.
Bxa7 (11. a4 b4 12. Nd1 O-O 13. Bxa7 Rxa7 14. Ne3 d5 15. exd5 exd5 {Matsenko,S
(2367)-Smirnov,I (2450) Pardubice op-A 2006 (8) 1/2}) 11... Rxa7 12. f4 b4 13.
Nd1 e5 14. Ne3 Qb6 15. Kh1 exf4 16. Rxf4 Be6 $11) 7. Be3 (7. Qg4 {La ligne
critique pour affaiblir les cases noires} g6 8. Qe2 d6) (7. O-O d6 8. Nc3 Nf6
9. f4 Qc7 10. a4 Nc6 11. a5 b5 12. axb6 Qxb6+ 13. Kh1 O-O 14. Qf3 Nb4 15. Be3
Qc7 16. e5 Bb7 17. Qh3 dxe5 18. fxe5 Qxe5 19. Ra5 Nxd3 {Timman,J (2650)
-Kurajica,B (2530) Reggio Emilia 8485 27th 1984 (8) 1-0} (19... Qd6 {Huebner}))
(7. c4 d6 8. O-O Nf6 9. Nc3 b6 (9... Nbd7) 10. Be3 (10. f4 Nbd7 11. Qf3 (11.
Qe2 Qc7 12. Bd2 Bb7 13. Rae1 O-O (13... Rd8 {[%cal Gd8d3]}) 14. Kh1 (14. e5 Ne8
15. Kh1 Rd8 {[%cal Gd8d3]} 16. Bb1 g6 17. Be4 Bxe4 18. Nxe4 dxe5 19. fxe5 Nxe5
20. Bf4 f6 21. c5 $44 {Matsuura,E (2490)-Dias,A (2203) Curitiba op 2010 (6) 1/2
}) 14... g6 15. Nd4 Rfe8 $1 {[%cal Ge8e2,Ge7f8]} 16. Nf3 {[%cal Ge4e5]} Rad8
17. Ng5 Bf8 18. Qf2 Bg7 19. b4 Nh5 20. Rc1 Rc8 21. a3 Qd8 22. Nf3 Rc7 {[%csl
Re4][%cal Gd8a8]} 23. Rfe1 Nhf6 24. Qh4 Qa8 25. Qh3 Rec8 26. e5 dxe5 27. Nxe5 (
27. fxe5) 27... Nxe5 28. fxe5 Nd7 29. Bf4 Rxc4 $44 {Naiditsch,A (2574)-Svidler,
P (2727) Dortmund Gr-A 2004 (5) 0-1}) (11. a4 Bb7 (11... Rb8 $5 {[%cal Gb8b2]})
(11... Qc7 12. a5 Rb8 $132 {De Filomeno,S (2293)-Fedorchuk,S (2635) Cesenatico
op 15th 2011 (2) 0-1}) 12. a5) 11... Bb7 12. Bd2 $1 (12. Be3 O-O (12... h5 $5 {
Une idée assez risquée du GMI AGREST} 13. Rad1 (13. Rae1 Qc7 14. Kh1 Ng4 15.
Bg1 g5 16. f5 (16. fxg5 Nde5 $44) 16... Nge5) 13... Qc7 14. h3 h4 15. Nd2 g5 $5
16. fxg5 Nc5 {Probablement une erreur de saisie et c'est Ne5 qui a du être joué
} (16... Ne5 17. Qf2 {[%cal Gf2f7,Ge3b6]} Nxd3 (17... Nh5 18. Bxb6)) 17. Qf2
Nxd3 $13 {Wohl,A (2401)-Agrest,E (2591) Metz op 21st 2003 (3) 0-1}) 13. Qh3 Re8
14. Rad1 Qc7 15. g4 $1 g6 {Kovanova,B (2385)-Koneru,H (2622) Nalchik FIDE GP 
(Women) 2010 (4) 1/2} (15... Nf8 16. g5 N6d7 17. Rf2)) 12... O-O 13. Rae1 {
[%cal Ge4e5]} Qc7 14. Qh3 g6 15. f5 exf5 16. exf5 Ne5 17. Bh6 Rfe8 18. Bg5 Nfg4
19. Bxe7 Qxe7 20. Be4 (20. Nd5 Bxd5 21. cxd5 b5) 20... b5 $5 (20... Bxe4 21.
Nxe4 h5 $6 {Medvegy,N (2368)-Gara,A (2365) HUN-ch (Women) 50th 2002 (4) 1/2} (
21... Rac8 $142 {[%cal Gc8c4,Gb6b5]})) 21. cxb5 axb5 22. Nxb5 Bxe4 23. Rxe4
Rxa2 $132 {[%csl Ge5,Gg4]}) 10... Bb7 11. f4 Nbd7 12. Qf3 O-O 13. Qh3 {[%cal
Gh3h7,Ge4e5,Gd3h7]} Re8 14. Rad1 (14. Rae1 Bf8 15. Bd4 e5 16. Be3 exf4 17. Bxf4
Ne5 {[%csl Ge5]} 18. Nd5 Nfd7 19. Qg3 Nxd3 20. Qxd3 Ne5 21. Qd4 b5 $1 $11 {
Widmer,S (2217)-Gallagher,J (2520) SUI-ch 103rd 2003 (2) 0-1})) (7. a4 b6) 7...
Nf6 (7... d6 8. N1d2 Nf6 9. f4 Nc6) 8. f4 {[%cal Ge4e5]} d6 9. N1d2 {Un coup
trés souple imaginé par Anand} (9. Nc3 Qc7 10. O-O Nc6) (9. Qf3) 9... Nc6 (9...
Qc7) 10. c3 (10. Qe2 Qc7 11. O-O-O $32 {Sherbakov,R (2543)-Ivanov,V (2509)
Moscow Aeroflot op-B 2006 (3) 1/2} (11. O-O O-O) (11. Nc4 {[%cal Ge3b6]} Nd7
12. O-O O-O 13. a4 $14 (13. Qf2))) 10... O-O {le coup c3 semble indiquer que
les Blancs ont renoncé а jouer le ooo mais les Noirs vont avoir une surprise} (
10... e5 11. f5 d5 $1 12. Qf3 g6 13. g4 (13. exd5 Nxd5 14. fxg6 (14. Bh6 gxf5
15. Bxf5 Bxf5 16. Qxf5 Qc8 17. O-O Qxf5 18. Rxf5 Rg8 19. Nc4 $11 {Rjanova,V 
(2027)-Badmatsyrenov,O (2330) RUS-ch Students 2009 (2) 0-1}) 14... hxg6 {
Ritscher,J (2295)-Siebrecht,S (2433) Hamburg-ch int 12th 2009 (5) 0-1}) 13...
d4 14. cxd4 exd4 (14... h5 $5) 15. Bf4 {Sanchez,J (2491)-Horvath,C (2522)
Bratto op 29th 2009 (5) 0-1}) 11. Qf3 (11. O-O) 11... b5 12. g4 $5 $146 {
Lance la course de vitesse mais c'est risqué car le coup c3 donne de la prise
а l'attaque de minorité} (12. O-O-O Bb7 (12... b4 $5 {[%csl Rc1]}) 13. Qh3 e5
14. a3 Qc7 15. Kb1 Rad8 16. f5 d5 {1/2-1/2 Quesada Perez,Y (2582)-Potkin,V 
(2634)/Havana 2010}) (12. f5) 12... Nd7 13. O-O-O $13 {[%csl Rc1]} b4 $1 (13...
e5 $5) 14. c4 $6 (14. e5 {[%cal Gf3c6]} d5 15. c4 $1) 14... Bb7 $132 15. Qh3 $6
{[%csl Rh7][%cal Ge4e5,Gd3h7] Les Noirs vont facilement parer la menace h7 et
la Qh3 sera ensutie mal placée en bloquant notamment l'avancée du P"h"} g6 {
[%csl Rh3]} (15... e5 {[%csl Rd3][%cal Gc6e5] Logique après les Blancs aient
joué Qh3 et les blancs ne peuvent pas jouer Nc3d5}) 16. g5 (16. e5 {Un moindre
mal} dxe5 17. f5 $44 a5 18. fxg6 hxg6 19. Qh6 {[%cal Gd3g6]}) 16... a5 $1 {
[%csl Rb3] L'attaque noire est plus rapide} 17. Kb1 a4 $40 18. Nc1 Nc5 19. Rhg1
d5 20. Rg3 $6 {[%csl Rg3,Rh3] Les pièces Blanches commencent а être très mal
placées} Nxd3 (20... d4) 21. Nxd3 Re8 22. Bc5 h5 $1 23. Qf1 {Reconnaissant que
la Qh3 était mal placée} (23. gxh6 Kh7 (23... dxc4 24. Nxc4 Bxc5 25. Qh5 {
[%cal Gg3g6]} Bd4 (25... Kh7 26. Qxc5) 26. Rxg6+ fxg6 27. Qxg6+ Kh8) 24. f5)
23... Ba6 24. Rc1 Rc8 25. cxd5 (25. Bxe7) 25... exd5 26. Qd1 b3 27. axb3 axb3
28. Qxb3 Bxc5 29. Nxc5 Nd4 30. Qa4 $2 (30. Qxd5 $13) 30... Ne2 31. Qxa6 Nxc1
32. Rc3 Ra8 33. Qb7 Ne2 34. Re3 Nxf4 35. Nd7 Qxg5 36. Nf3 Qe7 37. Qc6 Rec8 0-1